00250nam a2200097 a 4500008004100000050001500041100001800056245006000074260000900134350000900143120416s1970 xx |||||||||||||| || u aTD 745 Top aSidwick, J. M10aTopics in wastewater treatmentcedited by J. M. Sidwick c1970 a0.00